Lecciones preliminares de filosofía
Guardado en:
| Hovedforfatter: | |
|---|---|
| Format: | Bog |
| Sprog: | Undetermined |
| Udgivet: |
México, Distrito Federal
Porrúa
1979
|
| Udgivelse: | 8 |
| Fag: | |
| Tags: |
Tilføj Tag
Ingen Tags, Vær først til at tagge denne postø!
|
MARC
| LEADER | 00000nam a2200000Ia 4500 | ||
|---|---|---|---|
| 008 | 170316s9999 xx 000 0 und d | ||
| 040 | |a cru BVZT | ||
| 090 | |a 100 G-13L | ||
| 100 | |a García Morente, Manuel | ||
| 245 | |a Lecciones preliminares de filosofía | ||
| 250 | |a 8 | ||
| 260 | |a México, Distrito Federal | ||
| 260 | |b Porrúa | ||
| 260 | |c 1979 | ||
| 300 | |a 304 páginas | ||
| 520 | |b Libro considerado como una introducción a la filosofía, resultado de un curso impartido en la Universidad de Tucumán en Argentina durante 1937. El autor estructura una serie de temáticas filosóficas que expone yendo y viniendo de filósofos de la antigüedad griega, pasando por la modernidad, hasta llegar a los filósofos contemporáneos de su época como Husserl y Heidegger. Presenta una teoría del ser que bien germina en Parménides, pero que concluye en una ontología de la cotidianidad, muy influenciado por Ortega y Gasset. | ||
| 650 | |a FILOSOFÍA |9 5 | ||
| 650 | |a EL MÉTODO - LA FILOSOFÍA | ||
| 650 | |a LA ONTOLOGÍA | ||
| 650 | |a LA METAFISICA - PARMENIDES | ||
| 650 | |a PLATÓN | ||
| 650 | |a EL REALISMO - ARISTÓTELES | ||
| 650 | |a LA METAFISICA REALISTA | ||
| 650 | |a EL IDEALISMO | ||
| 650 | |a DESCARTES | ||
| 650 | |a FENOMENOLOGIA DEL CONOCIMIENTO | ||
| 650 | |a EL EMPIRISMO INGLÉS | ||
| 650 | |a EL RACIONALISMO | ||
| 650 | |a EL IDEALISMO TRASCENDENTAL | ||
| 650 | |a LA ESTÉTICA TRASCENDENTAL | ||
| 650 | |a ANALITICA TRASCENDENTAL | ||
| 650 | |a DIALECTICA TRASCENDENTAL | ||
| 650 | |a FUNDAMENTOS MORALES | ||
| 650 | |a EL IDEALISMO - KANT | ||
| 650 | |a LA ONTOLOGÍA | ||
| 650 | |a LO REAL Y LO IDEAL | ||
| 650 | |a LOS VALORES | ||
| 650 | |a ONTOLOGÍA DE LA VIDA | ||
| 999 | |c 16260 |d 16260 | ||
| 942 | |c SALA |h 100 G-13L |2 z | ||
